000
00262nam a2200109Ia 4500
008
220204s9999 xx 000 0 und d
082
_a
579.262
_b
SOC
245
0
_a
Symbiosis
260
_a
Cambridge
_b
Cambridge University
_c
1975
650
_a
Symbiosis
942
_c
BK
999
_c
27082
_d
27082